Geography Quiz

Random Geography or State Quiz

Top 5 Hispanic Ancestries in Each U.S. State Quiz Stats

 Plays Quiz not verified by Sporcle

Challenge
Share
Tweet
Embed
Score 0/260 Timer 04:00
0 Plays Today
State Ancestry % Correct
AlabamaMexican
99.1%
AlaskaMexican
99.1%
ArizonaMexican
99.1%
ArkansasMexican
99.1%
CaliforniaMexican
99.1%
ColoradoMexican
99.1%
ConnecticutMexican
99.1%
DelawareMexican
99.1%
FloridaMexican
99.1%
GeorgiaMexican
99.1%
HawaiiMexican
99.1%
IdahoMexican
99.1%
IllinoisMexican
99.1%
IndianaMexican
99.1%
IowaMexican
99.1%
KansasMexican
99.1%
KentuckyMexican
99.1%
LouisianaMexican
99.1%
MaineMexican
99.1%
MarylandMexican
99.1%
MassachusettsMexican
99.1%
MichiganMexican
99.1%
MinnesotaMexican
99.1%
MississippiMexican
99.1%
MissouriMexican
99.1%
MontanaMexican
99.1%
NebraskaMexican
99.1%
NevadaMexican
99.1%
New HampshireMexican
99.1%
New JerseyMexican
99.1%
New MexicoMexican
99.1%
New YorkMexican
99.1%
North CarolinaMexican
99.1%
North DakotaMexican
99.1%
OhioMexican
99.1%
OklahomaMexican
99.1%
OregonMexican
99.1%
PennsylvaniaMexican
99.1%
Rhode IslandMexican
99.1%
South CarolinaMexican
99.1%
South DakotaMexican
99.1%
TennesseeMexican
99.1%
TexasMexican
99.1%
UtahMexican
99.1%
VermontMexican
99.1%
VirginiaMexican
99.1%
WashingtonMexican
99.1%
WisconsinMexican
99.1%
West VirginiaMexican
99.1%
WyomingMexican
99.1%
District of ColumbiaMexican
99.1%
Puerto RicoMexican
99.1%
AlabamaCuban
94%
DelawareCuban
94%
FloridaCuban
94%
GeorgiaCuban
94%
HawaiiCuban
94%
IllinoisCuban
94%
KentuckyCuban
94%
LouisianaCuban
94%
MaineCuban
94%
MichiganCuban
94%
MississippiCuban
94%
MissouriCuban
94%
MontanaCuban
94%
NebraskaCuban
94%
NevadaCuban
94%
New HampshireCuban
94%
New MexicoCuban
94%
North DakotaCuban
94%
OhioCuban
94%
PennsylvaniaCuban
94%
VermontCuban
94%
West VirginiaCuban
94%
WisconsinCuban
94%
WyomingCuban
94%
Puerto RicoCuban
94%
AlaskaDominican
90.8%
ConnecticutDominican
90.8%
DelawareDominican
90.8%
FloridaDominican
90.8%
MassachusettsDominican
90.8%
New HampshireDominican
90.8%
New JerseyDominican
90.8%
New YorkDominican
90.8%
OhioDominican
90.8%
PennsylvaniaDominican
90.8%
State Ancestry % Correct
Rhode IslandDominican
90.8%
District of ColumbiaDominican
90.8%
Puerto RicoDominican
90.8%
ConnecticutColombian
88.8%
DelawareColombian
88.8%
FloridaColombian
88.8%
GeorgiaColombian
88.8%
HawaiiColombian
88.8%
MontanaColombian
88.8%
New HampshireColombian
88.8%
New JerseyColombian
88.8%
PennsylvaniaColombian
88.8%
Rhode IslandColombian
88.8%
South CarolinaColombian
88.8%
VermontColombian
88.8%
Puerto RicoColombian
88.8%
AlaskaSpaniard
86.5%
ArizonaSpaniard
86.5%
CaliforniaSpaniard
86.5%
ColoradoSpaniard
86.5%
HawaiiSpaniard
86.5%
IdahoSpaniard
86.5%
IowaSpaniard
86.5%
KansasSpaniard
86.5%
MaineSpaniard
86.5%
MichiganSpaniard
86.5%
MontanaSpaniard
86.5%
New MexicoSpaniard
86.5%
North DakotaSpaniard
86.5%
OklahomaSpaniard
86.5%
OregonSpaniard
86.5%
South DakotaSpaniard
86.5%
UtahSpaniard
86.5%
VermontSpaniard
86.5%
WashingtonSpaniard
86.5%
West VirginiaSpaniard
86.5%
WisconsinSpaniard
86.5%
WyomingSpaniard
86.5%
AlabamaGuatemalan
85.6%
ArizonaGuatemalan
85.6%
ArkansasGuatemalan
85.6%
CaliforniaGuatemalan
85.6%
ColoradoGuatemalan
85.6%
IdahoGuatemalan
85.6%
IllinoisGuatemalan
85.6%
IndianaGuatemalan
85.6%
IowaGuatemalan
85.6%
KansasGuatemalan
85.6%
KentuckyGuatemalan
85.6%
LouisianaGuatemalan
85.6%
MarylandGuatemalan
85.6%
MassachusettsGuatemalan
85.6%
MichiganGuatemalan
85.6%
MinnesotaGuatemalan
85.6%
MississippiGuatemalan
85.6%
MissouriGuatemalan
85.6%
NebraskaGuatemalan
85.6%
NevadaGuatemalan
85.6%
New MexicoGuatemalan
85.6%
North CarolinaGuatemalan
85.6%
North DakotaGuatemalan
85.6%
OhioGuatemalan
85.6%
OklahomaGuatemalan
85.6%
OregonGuatemalan
85.6%
Rhode IslandGuatemalan
85.6%
South CarolinaGuatemalan
85.6%
South DakotaGuatemalan
85.6%
TennesseeGuatemalan
85.6%
TexasGuatemalan
85.6%
UtahGuatemalan
85.6%
VirginiaGuatemalan
85.6%
WashingtonGuatemalan
85.6%
WisconsinGuatemalan
85.6%
WyomingGuatemalan
85.6%
District of ColumbiaGuatemalan
85.6%
AlabamaPuerto Rican
82.9%
AlaskaPuerto Rican
82.9%
ArizonaPuerto Rican
82.9%
ArkansasPuerto Rican
82.9%
CaliforniaPuerto Rican
82.9%
ColoradoPuerto Rican
82.9%
ConnecticutPuerto Rican
82.9%
DelawarePuerto Rican
82.9%
FloridaPuerto Rican
82.9%
GeorgiaPuerto Rican
82.9%
HawaiiPuerto Rican
82.9%
IdahoPuerto Rican
82.9%
State Ancestry % Correct
IllinoisPuerto Rican
82.9%
IndianaPuerto Rican
82.9%
IowaPuerto Rican
82.9%
KansasPuerto Rican
82.9%
KentuckyPuerto Rican
82.9%
LouisianaPuerto Rican
82.9%
MainePuerto Rican
82.9%
MarylandPuerto Rican
82.9%
MassachusettsPuerto Rican
82.9%
MichiganPuerto Rican
82.9%
MinnesotaPuerto Rican
82.9%
MississippiPuerto Rican
82.9%
MissouriPuerto Rican
82.9%
MontanaPuerto Rican
82.9%
NebraskaPuerto Rican
82.9%
NevadaPuerto Rican
82.9%
New HampshirePuerto Rican
82.9%
New JerseyPuerto Rican
82.9%
North CarolinaPuerto Rican
82.9%
New MexicoPuerto Rican
82.9%
New YorkPuerto Rican
82.9%
North DakotaPuerto Rican
82.9%
OhioPuerto Rican
82.9%
OklahomaPuerto Rican
82.9%
OregonPuerto Rican
82.9%
PennsylvaniaPuerto Rican
82.9%
Rhode IslandPuerto Rican
82.9%
South CarolinaPuerto Rican
82.9%
South DakotaPuerto Rican
82.9%
TennesseePuerto Rican
82.9%
TexasPuerto Rican
82.9%
UtahPuerto Rican
82.9%
VermontPuerto Rican
82.9%
VirginiaPuerto Rican
82.9%
WashingtonPuerto Rican
82.9%
West VirginiaPuerto Rican
82.9%
WisconsinPuerto Rican
82.9%
WyomingPuerto Rican
82.9%
District of ColumbiaPuerto Rican
82.9%
Puerto RicoPuerto Rican
82.9%
AlabamaHonduran
78.4%
ArkansasHonduran
78.4%
IndianaHonduran
78.4%
LouisianaHonduran
78.4%
MarylandHonduran
78.4%
MississippiHonduran
78.4%
North CarolinaHonduran
78.4%
South CarolinaHonduran
78.4%
TennesseeHonduran
78.4%
TexasHonduran
78.4%
AlaskaSalvadoran
70.4%
ArizonaSalvadoran
70.4%
ArkansasSalvadoran
70.4%
CaliforniaSalvadoran
70.4%
ColoradoSalvadoran
70.4%
GeorgiaSalvadoran
70.4%
IdahoSalvadoran
70.4%
IndianaSalvadoran
70.4%
IowaSalvadoran
70.4%
KansasSalvadoran
70.4%
KentuckySalvadoran
70.4%
MaineSalvadoran
70.4%
MarylandSalvadoran
70.4%
MassachusettsSalvadoran
70.4%
MinnesotaSalvadoran
70.4%
MissouriSalvadoran
70.4%
NebraskaSalvadoran
70.4%
NevadaSalvadoran
70.4%
New YorkSalvadoran
70.4%
North CarolinaSalvadoran
70.4%
OklahomaSalvadoran
70.4%
OregonSalvadoran
70.4%
South DakotaSalvadoran
70.4%
TennesseeSalvadoran
70.4%
TexasSalvadoran
70.4%
UtahSalvadoran
70.4%
VirginiaSalvadoran
70.4%
WashingtonSalvadoran
70.4%
West VirginiaSalvadoran
70.4%
District of ColumbiaSalvadoran
70.4%
ConnecticutEcuadorian
64.9%
IllinoisEcuadorian
64.9%
MinnesotaEcuadorian
64.9%
New JerseyEcuadorian
64.9%
New YorkEcuadorian
64.9%
VirginiaBolivian
60.5%

You're not logged in!

Compare scores with friends on all Sporcle quizzes.
OR
Log In

You Might Also Like...

Show Comments

Extras

Top Quizzes Today


Score Distribution

Your Account Isn't Verified!

In order to create a playlist on Sporcle, you need to verify the email address you used during registration. Go to your Sporcle Settings to finish the process.

Report this User

Report this user for behavior that violates our Community Guidelines.

Details: